[Event "World Amateur-ch U1700 (Women)"]
[Site "Muscat"]
[Date "2023.11.10"]
[Round "9"]
[White "Shybi, Binoj"]
[Black "Birzhan, Amina"]
[Result "1-0"]
[WhiteElo "1650"]
[BlackElo "1348"]
[PlyCount "85"]
[EventDate "2023.11.02"]
[EventType "swiss"]
[EventRounds "9"]
[EventCountry "OMN"]
[SourceTitle "CB47_2023"]
[SourceDate "2023.11.22"]
[SourceVersion "1"]
[SourceVersionDate "2023.11.22"]
[SourceQuality "1"]

1. e4 e5 2. Nf3 Nc6 3. Nc3 Nf6 4. Bb5 Bd6 5. d3 0-0 6. Bg5 h6 7. Bh4 a6 8. Ba4 b5 9. Bb3 Re8 10. Nd5 Be7 11. Nxe7+ Qxe7 12. Bd5 Qb4+ 13. c3 Qxb2 14. Bxf6 Qxc3+ 15. Kf1 gxf6 16. Nh4 Nd4 17. Bxa8 c6 18. Nf3 Re6 19. Rc1 Qb4 20. Nxd4 Qxd4 21. Qd2 Kg7 22. Qe3 Qb2 23. g3 f5 24. exf5 Rf6 25. g4 Kf8 26. Rg1 a5 27. Qc5+ Ke8 28. Re1 d6 29. Bxc6+ Ke7 30. Qa7+ Kf8 31. Qb8 Qd2 32. Qxc8+ Kg7 33. Be4 d5 34. g5 hxg5 35. h4 dxe4 36. Rxg5+ Rg6 37. fxg6 Qxd3+ 38. Kg1 e3 39. gxf7+ Kxf7 40. Qg8+ Ke7 41. Rxe5+ Kd6 42. Qd8+ Kxe5 43. Qxd3 1-0

[Event "World Amateur-ch U1700 (Women)"]
[Site "Muscat"]
[Date "2023.11.03"]
[Round "2"]
[White "Anudari, Tsogdelger"]
[Black "Birzhan, Amina"]
[Result "1/2-1/2"]
[WhiteElo "1587"]
[BlackElo "1348"]
[PlyCount "103"]
[EventDate "2023.11.02"]
[EventType "swiss"]
[EventRounds "9"]
[EventCountry "OMN"]
[SourceTitle "CB47_2023"]
[SourceDate "2023.11.22"]
[SourceVersion "1"]
[SourceVersionDate "2023.11.22"]
[SourceQuality "1"]

1. Nf3 d5 2. d4 c6 3. c4 e6 4. e3 Nf6 5. Nc3 Bd6 6. Bd3 dxc4 7. Bxc4 b5 8. Bd3 a6 9. Ne4 Nxe4 10. Bxe4 Bb7 11. Qb3 h6 12. a4 Nd7 13. Bd2 0-0 14. Rc1 Rc8 15. Bb1 Re8 16. e4 e5 17. Nxe5 Bxe5 18. dxe5 Nxe5 19. Rd1 Qe7 20. 0-0 Nc4 21. Bc3 Rcd8 22. Qc2 c5 23. Rxd8 Rxd8 24. Qe2 Bc8 25. b3 Nd6 26. e5 b4 27. Qc2 Nf5 28. Bb2 g6 29. Qc1 Kh7 30. Rd1 Ng7 31. h3 Be6 32. Rxd8 Qxd8 33. Bc2 a5 34. Qe3 Qc7 35. Bc1 h5 36. Qh6+ Kg8 37. Qe3 c4 38. bxc4 Bxc4 39. Bb2 Ne6 40. Qg3 Qd7 41. Qe3 Qd5 42. Kh2 b3 43. Be4 Qc5 44. Qg3 Qc7 45. f4 Nc5 46. Bxg6 fxg6 47. Qxg6+ Qg7 48. Qe8+ Qf8 49. Qg6+ Qg7 50. Qe8+ Qf8 51. Qg6+ Qg7 52. Qe8+ 1/2-1/2